000 00423cam a2200157 a 4500
020 _a2225746354 :
040 _cDLC
082 0 0 _a577 MAS 1982 A026 Or.
100 1 _aAyala, Francisco José,
245 1 0 _aBiologie moléculaire et évolution /
260 _aParis ;
_aNew York :
_bMasson,
_c1982.
300 _aviii, 136 p. :
_bill. ;
_c24 cm.
500 _aIncludes index.
650 0 _aMolecular evolution.
942 _cEK
999 _c13227
_d13227